| 000 | 00901cam a2200301 4500 | ||
|---|---|---|---|
| 001 | J2889 | ||
| 008 | 090401t1995 xxu||||| |||| 00| 0 eng d | ||
| 035 | _a(Sirsi) u51694 | ||
| 041 | _aeng | ||
| 050 | _a691 | ||
| 100 | _aProverbs, D. | ||
| 245 | _aOrganisational productivity: a case study of materials management in UK construction firms. | ||
| 260 |
_aAscot Berks _bChartered Institute of Building _c1995 |
||
| 300 | _a8p. : ill. ; 30cm. | ||
| 350 | _a0 | ||
| 490 |
_aConstruction Papers _v44 |
||
| 650 | _aBUILT ENVIRONMENT-BUILDING MATERIALS | ||
| 650 | _aCONSTRUCTION INDUSTRY | ||
| 650 | _aMATERIALS MANAGEMENT | ||
| 650 | _aORGANISATIONAL PRODUCTIVITY | ||
| 650 | _aWASTAGE | ||
| 690 | _aBUILT ENVIRONMENT-BUILDING MATERIALS | ||
| 700 | _aOlomolaiye, P | ||
| 700 | _aHarris, F.C. | ||
| 710 |
_aChartered Institute of Building _92134 |
||
| 942 | _n0 | ||
| 948 | _c04/03/1997 | ||
| 999 |
_c92936 _d92936 |
||